| 000 | 00981nam a2200217 a 4500 | ||
|---|---|---|---|
| 001 | BRCA_9099 | ||
| 005 | 20190320210525.0 | ||
| 008 | 051017s2016----mx-ab#####---#000-0#spa-# | ||
| 041 | _aspa | ||
| 044 | _amx | ||
| 050 | 4 |
_aF1230 _b.C67 2016 |
|
| 100 | 1 |
_aCortés, Hernán _d1485-1547 _9439 |
|
| 245 | 1 | 0 |
_aHistoria de Nueva-España _cescrita por su esclarecido conquistador Hernán Cortés ; aumentada con otros documentos y notas, por el ilustrísimo Señor Don Francisco Antonio Lorenzana, Arzobispo de México. |
| 260 |
_aMéxico _bCentro de Estudios de Historia de México Carso _c2016 |
||
| 300 |
_a1 v. (en varias paginaciones) _bil., 3 h. plegables _c27 cm. |
||
| 500 | _aIncluye índice geográfico e índice onomástico | ||
| 500 | _aFacsímil de : México : Imprenta del Superior Gobierno del Br. D. Joseph Antonio de Hogal, 1770 | ||
| 651 | 4 |
_aMéxico _xHistoria _yConquista, 1519-1540 _9442 |
|
| 700 | 1 |
_aLorenzana, Francisco Antonio _d1722-1804 _922473 |
|
| 942 |
_2lcc _cB |
||
| 999 |
_c8748 _d8748 |
||